| 000 | 00804nam a2200229 a 4500 | ||
|---|---|---|---|
| 005 | 20210219160448.0 | ||
| 008 | 081109s2000 mx r 000 0 spa d | ||
| 020 | _a9686384669 (obra completa) | ||
| 020 | _a968-6384-61-8 | ||
| 035 | _aUPN01000165945 | ||
| 049 | _aUNE | ||
| 080 | _a314.74 (82) "2002" ASD Vol. I. | ||
| 100 | 1 | _aAsdrúbal Silva, Hernán | |
| 245 | 1 | 0 | _aHistoria de las migraciones limítrofes en el Cono Sur de América: Argentina, Bolivia, Brasil, Chile, Paraguay y Uruguay: Primera parte - del siglo XIX a 1960, Vol. I: Argentina/ por Hernán Asdrúbal Silva. |
| 260 | _aMéxico: IPGH, 2002. | ||
| 300 | _a200 p.; 23 cm. il. | ||
| 440 | 0 | _aIPGH Pub.; 525 | |
| 500 | _aVolumen I: Argentina | ||
| 690 | _aMigración de personas | ||
| 690 | _aArgentina | ||
| 905 | _aUNESCO | ||
| 999 |
_c138057 _d138057 |
||